000 00540nam a2200181Ia 4500
008 100920s9999 xx 000 0 und d
082 _b65360
_a--- थ 94
100 _aझणकर अजेय.
245 _aसरकारनामा.
260 _bग्रंथाली, मुंबई.
_c1994
300 _a172
_bसाधी
365 _b100
520 _aकादंबरी.
630 _aसरकारनामा.
650 _aकादंबरी.
730 _aसरकारनामा.
942 _cBOOK
999 _c708147
_d708144